| 000 | 01071nam a22003017a 4500 | ||
|---|---|---|---|
| 003 | CHAP | ||
| 005 | 20220329135349.0 | ||
| 008 | 971013s1831 r 00010 d | ||
| 010 | _a35107 | ||
| 011 | _a36079 | ||
| 035 | _a40198 | ||
| 040 | _cCHAP | ||
| 082 |
_a336.72 _bM48 1829/30 |
||
| 110 |
_aMéxico. Ministerio de Justicia y Negocios Eclesiásticos _977073 |
||
| 245 | _aMemoria que leyó el secretario en la cámara de diputados el día 8 y en la de senadores el día 11 de enero del año de 1831 | ||
| 260 |
_aMéxico, D.F. : _bImprenta del Aguila, _c1831 |
||
| 300 | _a15 p. y 12 anexos | ||
| 500 | _aEncuadernado con: Memoria de hacienda | ||
| 590 |
_aBATCH-UPD _b10 _c20130110 _lUCH01 _h1728 |
||
| 590 |
_aBATCH-UPD _b10 _c20130410 _lUCH01 _h1110 |
||
| 590 |
_aBATCH-UPD _b10 _c20130914 _lUCH01 _h1706 |
||
| 590 |
_aCONVERSION _b10 _c20130109 _lUCH01 _h1320 |
||
| 650 | 1 | 4 |
_aIglesia católica. _957335 |
| 650 | 1 | 4 |
_aJusticia _xAdministración _zMéxico. _962546 |
| 901 | _aBK | ||
| 942 | _cLIBRO | ||
| 949 |
_a336.72 M48 1829/30 _bBC _cBPP _d-91793 _eBPP _i40198 _si |
||
| 999 |
_c35107 _d35107 |
||